The Rookie - Vrai ou Faux - Statistiques

Statistiques générales
  • Ce quiz a été pris 1 184 fois
  • Le résultat moyen est 11 sur 15
Statistiques - réponses
Question Réponse % Correct
John Nolan rejoint la LAPD à plus de 40 ans. Vrai
95%
Aaron Thorsen a été faussement accusé d’un meurtre avant d’intégrer la police. Vrai
95%
Nyla Harper apparaît pour la première fois dans la saison 1. Faux
93%
John a 2 enfants. Faux
86%
Cole Midas a tué le Capitaine Andersen. Vrai
80%
Le chien de Tim s'appelle Jojo. Faux
79%
Seth Ridley est révélé comme un menteur pathologique. Vrai
78%
Nyla donne le surnom "Pas Nolan" à Lucy. Vrai
77%
Le premier épisode est sorti en 2018. Vrai
72%
Lucy devient sergent mais seulement lors du service de nuit. Vrai
69%
Elijah et Oscar sont voisins de prison. Vrai
62%
Nolan vivait dans le Montana avant de s'installer à Los Angeles. Faux
60%
Miles Penn et Celina Juarez se sont embrassés. Faux
60%
Le numéro de badge de Nyla est 56426. Faux
49%
Les enfants d'Angela et Wesley s'appellent Jackson et Ellie. Faux
31%
Aucun quiz correspondant
Distribution des résultats
% des personnes avec chaque résultat
Percentile par nombre de réponses
Votre historique - résultats
Vous n’avez pas pris ce quiz